Janko a tátoš bábková hra pre deti na motívy slovenských ľudových rozprávok v troch dejstvách, šiestich obrazoch

Bibliographic Details
Main Author: Štítnická, Jarmila, 1924-1980 (Author)
Other Authors: Slavík, Bohdan, 1917-1974 (Author of dialog)
Format: Book
Language:Slovak
Published: Martin Osveta 1958
Edition:Vyd. 1.
Series:Bábkové divadlo
Subjects:

MARC

LEADER 00000cam a2200000 a 4500
001 vtls008316512
003 SK-MaSNL
005 20260301222054.0
008 181127s1958 xo a 000 d slo
015 |a SKSNBA1958/08-01196 
035 |a SK01SNK19580008729 
035 |a SKM000011192 
040 |a SNK  |b slo  |c SNK  |e AACR2 
041 |a slo 
044 |a xo  |c SK 
072 7 |a 821.162.4-2  |x Slovenská dráma  |2 konspekt 
080 |a 821.162.4-2  |2 2011 
080 |a 82-2:792.97  |2 2011 
100 1 |a Štítnická, Jarmila,  |d 1924-1980  |4 aut  |9 103780 
245 1 0 |a Janko a tátoš  |b bábková hra pre deti na motívy slovenských ľudových rozprávok v troch dejstvách, šiestich obrazoch  |c Jarmila Štítnická ; scény navrhol Bohdan Slávik 
250 |a Vyd. 1. 
260 |a Martin  |b Osveta  |c 1958  |e Liptovský Mikuláš  |f Tlačiarne SNP 
300 |a 39, [1] s.  |b il.  |c 20 cm 
366 |e 1200 výt. 
490 1 |a Bábkové divadlo  |v zv. 16 
650 0 7 |a bábkové hry  |2 SNKPH  |9 85271 
650 0 7 |a Puppet plays  |2 SNKPHeng  |9 315107 
655 7 |a slovenské drámy  |2 SNKPH  |9 70606 
655 7 |a bábkové hry  |2 SNKPH  |9 279988 
655 7 |a Slovak drama  |2 SNKPHeng  |9 278335 
700 1 |a Slavík, Bohdan,  |d 1917-1974  |4 aud  |9 175296 
830 0 |a Bábkové divadlo  |9 347410 
852 |a Slovenská národná knižnica v Martine  |b 10000  |h SD 15675 
852 |a Slovenská národná knižnica v Martine  |b 10000  |h SD 15675 D1 
852 |a Štátna vedecká knižnica Banská Bystrica 
919 |a brož. 
958 |a OND 
958 |a RK 
958 |a TL 
958 |a DB 
958 |a LX 
999 |c 938521  |d 940451 
952 |a SNK  |b SNK  |y PREZ  |7 0  |p 17A0585327  |o snkSD 15675  |i snkKSP 2393/58  |0 0  |1 0  |4 0  |d 2008-04-24  |l 0  |r 2025-11-28 00:00:00  |w 2026-02-24